000 00411nam a22001697a 4500
003 MPLRDC
005 20220104123551.0
008 210129b ||||| |||| 00| 0 eng d
082 _a856.9 SXCa c.2
100 _a沈西城
245 _a香港名作家韵事
_c
250 _a初版
260 _a
_b奔马出版社
_c1984
300 _b
650 _a函牍及杂著--杂项
942 _cBK
_o856.9 SXCa c.2
999 _c12436
_d12426